Проект правительственного сообщения о созыве представительных комиссий с совещательным голосом

RUSMARC
00004816nac2a22003253x 450
001ae1d043e-668f-4448-b6f5-e69b143d96ba
00520240819153916.0
100##$a20240716l1881 k y0rusy50 ca
1010#$arus
102##$aRU
105##$ay z |||||
1220#$ad18810308
2001#$aПроект правительственного сообщения о созыве представительных комиссий с совещательным голосом
$j08.03.1881
215##$a6 листов
$d38 х 24,7
251##$cДело
300##$aНа папке дела: Текст опубликован в журнале "Былое" 1918 г., № 4-5, страницы 177-180
300##$aЛисты: 1, 6 - не сшиты; 1 - поврежден; 1-6 - разорваны по сгибу (корешку)
300##$aРукописный текст
324##$aКопия
325##$aЗамикрофильмировано
330##$aВходит в раздел описи: Материалы, относящиеся к деятельности Лорис-Меликова М. Т. в Верховной Распорядительной Комиссии
461#0$1001cda3d175-ae4a-411a-8dea-9cc20fb178f6
$12001
$aЛорис-Меликов Михаил Тариелович, граф, министр внутренних дел, главный начальник "верховной распорядительной комиссии по охранению государственного порядка и общественного спокойствия", генерал от кавалерии
$1251
$cФонд
$1852
$j569
462#0$1001163e060a-d7cc-404d-90ee-e28c9801971b
$12001
$aОпись дел фонда М. Т. Лорис-Меликова за 1858-1915 гг.
$vД. 40
$1251
$cОпись
$1852
$j1
605##$3DITM\AF\0000002775
$aВласть
$lколлекция
$2acquisition_prlib
6101#$aПравительственное сообщение
$aПредставительные комиссии
686##$a63.3(2)535-332ю1
$cИстория
$2rubbk
686##$a67.400.6ю1
$cПраво
$2rubbk
801#0$aRU
$bGA_RF
801#1$aRU
$bГлавНИВЦ
$c20240716
$2rusmarc
801#2$aRU
$bПБ им. Б.Н. Ельцина
$c20240819
$gRCR
$2rusmarc
852##$aГА РФ
$j40
937##$d193618467
$hГАРФ
035##$aRuPRLIB51076391
856##$uhttp://readingroom.main.prlib.ru/item.aspx?id_node=n193618467&mode=full
Формат отображения